Automatizace hydrodopravy a technických měření na hydrodopravních systémech sacích bagrů vyráběných v ZTS Českých loděnicích v Praze

Bibliographic Details
Main Authors: Vaculík, Jan (Author), Švadlenka, Vladislav (Author), Hejl, Petr (Author)
Format: Article
Language:Czech
Slovak
PhysicalDescription:Tb. 1. Sch. 1.
Subjects:

MARC

LEADER 00000nab a2200000 a 4500
001 vtls000418986
003 SK-MaSNL
005 20260303165049.0
008 160201c1989 xo 0 cze
015 |a SNBRA19rr/mm-uuuuu 
035 |a CL0419114 
040 |a SNKBUCL  |b slo  |c SNKBUCL  |e AACR2 
041 0 |a slo 
044 |a xo  |c SK 
080 |a 621.695:656.56:531.787:681.121.8  |2 1981 
080 |a 656.56  |2 1981 
080 |a 531.787  |2 1981 
080 |a 681.121.8  |2 1981 
100 1 |a Vaculík, Jan  |4 aut  |9 779891 
245 1 0 |a Automatizace hydrodopravy a technických měření na hydrodopravních systémech sacích bagrů vyráběných v ZTS Českých loděnicích v Praze  |c Jan Vaculík, Vladislav Švadlenka, Petr Hejl 
300 |b Tb. 1. Sch. 1. 
650 0 7 |a zeminy  |2 snkbucl  |9 279666 
650 0 7 |a doprava materiálu hydraulická  |2 snkbucl  |9 971075 
650 0 7 |a bagrovacie čerpadlá  |2 snkbucl  |9 213310 
655 7 |a články zo zborníkov  |2 snkbucl  |9 166140 
700 1 |a Švadlenka, Vladislav  |4 aut  |9 1191014 
700 1 |a Hejl, Petr  |4 aut  |9 1191015 
773 0 |t Hydraulická doprava materiálu potrubím  |d Banská Bystrica : Dom techniky ČSVTS, 1989  |g S. 45-58 
850 |a Slovenská národná knižnica v Martine  |a MTA001 
852 |a SNK  |b KIS3GCP 
958 |a RK 
958 |a CZ 
992 |a RZB 
999 |c 2069588  |d 2071518